La Tanzanie pour les touristes... - Statistiques

Statistiques générales
  • Ce quiz a été pris 15 fois
  • Le résultat moyen est 8 sur 20
Statistiques - réponses
Question Indice Réponses % Correct
Quelles sont les langues officielles ? Anglais
100%
Quelles sont les langues officielles ? Swahili
86%
Quelles sont les principaux lieux touristiques ? K Mont {Kilimandjaro}
79%
Ce pays est plus grand que la France (oui/non) Oui
71%
Quel pays a accordé son indépendance à celui-ci ? Royaume-Uni
71%
Dans la capitale quel est le décalage horaire avec Paris ? (+ ou - et chiffre) ex - 10 + 1
64%
Quels est le climat local ? E Equatorial
64%
Le principal aéroport est D Dar es Salaam
50%
Quel est le régime du pays ? République
43%
Le suffixe internet est tz
43%
Quelles sont les principaux lieux touristiques ? N Lac {Natron}
36%
Quelle est la monnaie ? Shilling tanzanien
29%
La religion majoritaire est Christianisme
21%
Quelles sont les principaux lieux touristiques ? R Parc national de {Ruaha}
14%
Code sur les plaques minéralogiques EAT
7%
Achats à faire 5/ Pour les enfants Jouets
7%
Achats à faire 4/ Bijoux de {perles} colorées
7%
Achats à faire 3/ Vêtement féminin Khanga
0%
Achats à faire 2/ Vêtement masculin Kikoï
0%
Achats à faire 1/ Statuettes en Palissandre
0%
Aucun quiz correspondant
Distribution des résultats
% des personnes avec chaque résultat
Percentile par nombre de réponses
Votre historique - résultats
Vous n’avez pas pris ce quiz